[Event "Titled Tuesday intern op 07th Jun Early"]
[Site "Chess.com INT"]
[Date "2022.06.07"]
[Round "7"]
[White "Grafil, Franz Robert"]
[Black "Harvey, Marcus Ross"]
[Result "0-1"]
[WhiteElo "2221"]
[BlackElo "2454"]
[PlyCount "110"]
[EventDate "2022.06.07"]
[EventType "swiss (blitz)"]
[EventRounds "11"]
[EventCountry "USA"]
[SourceTitle "CBM 208 Extra"]
[Source "ChessBase"]
[SourceDate "2022.07.31"]
[SourceVersion "1"]
[SourceVersionDate "2022.07.31"]
[SourceQuality "1"]

1. Nf3 d5 2. c4 e6 3. g3 Nf6 4. Bg2 Be7 5. 0-0 0-0 6. b3 d4 7. e3 c5 8. exd4 cxd4 9. d3 Nc6 10. Bg5 Nd7 11. Bxe7 Qxe7 12. Nbd2 a5 13. Ne1 Nc5 14. Qe2 Rd8 15. Nc2 Bd7 16. a3 Be8 17. Rfe1 Rab8 18. b4 Na4 19. b5 Na7 20. f4 Nc5 21. Nf3 Qf6 22. Rad1 Na4 23. Qe5 Qxe5 24. Rxe5 Nc8 25. Ncxd4 Nd6 26. Ree1 b6 27. Ne5 Rbc8 28. Ndc6 Bxc6 29. Nxc6 Rd7 30. Rc1 Nf5 31. Bh3 Nd4 32. Nxd4 Rxd4 33. Rxe6 Rxd3 34. Re7 Rcd8 35. Bg2 Kf8 36. Rce1 R3d7 37. Rxd7 Rxd7 38. Bc6 Rd8 39. Kf2 Nb2 40. Re4 f5 41. Re2 Nxc4 42. a4 Kf7 43. h3 Rd4 44. Kg2 Nd6 45. Ra2 h6 46. h4 Kf6 47. Kf2 g6 48. Kg2 Nf7 49. Kf2 Nd8 50. Bf3 Ne6 51. Rc2 Nc5 52. Re2 Rxa4 53. Re8 Ra2+ 54. Kg1 Ra3 55. Kg2 Rb3 0-1

[Event "Titled Tuesday intern op 07th Jun Early"]
[Site "Chess.com INT"]
[Date "2022.06.07"]
[Round "6"]
[White "Sadubayev, Airat"]
[Black "Grafil, Franz Robert"]
[Result "0-1"]
[WhiteElo "2262"]
[BlackElo "2221"]
[PlyCount "106"]
[EventDate "2022.06.07"]
[EventType "swiss (blitz)"]
[EventRounds "11"]
[EventCountry "USA"]
[SourceTitle "CBM 208 Extra"]
[Source "ChessBase"]
[SourceDate "2022.07.31"]
[SourceVersion "1"]
[SourceVersionDate "2022.07.31"]
[SourceQuality "1"]

1. d4 Nf6 2. c4 e6 3. Nf3 b6 4. g3 Ba6 5. b3 b5 6. Qc2 bxc4 7. bxc4 Bb4+ 8. Bd2 Be7 9. Bg2 0-0 10. 0-0 d5 11. Ne5 c6 12. Rc1 Nfd7 13. Nxd7 Nxd7 14. cxd5 cxd5 15. Nc3 Nb6 16. e4 dxe4 17. Bxe4 g6 18. Bh6 Re8 19. Na4 Rc8 20. Qd1 Bf6 21. Nc5 Bc4 22. Be3 Bd5 23. Qf3 Bxe4 24. Nxe4 Bg7 25. Bg5 Qxd4 26. Bf6 Qd5 27. Bxg7 Kxg7 28. Qf6+ Kg8 29. Re1 Qf5 30. Qb2 e5 31. Qa3 Nc4 32. Qxa7 Red8 33. Rac1 Nd2 34. Rxc8 Nf3+ 35. Kf1 Rxc8 36. Re3 Rc1+ 37. Ke2 Rc2+ 38. Kd1 Nd4 39. Qb8+ Kg7 40. h3 Rxf2 41. Qd6 Rf1+ 42. Kd2 Nf3+ 43. Kc2 Rf2+ 44. Kb3 Rd2 45. Qc5 Rd4 46. Kc3 Rxe4 47. Rd3 Re1 48. Rd8 Rc1+ 49. Kb4 Rxc5 50. Kxc5 e4+ 51. Kd6 Qf6+ 52. Kc7 Qxd8+ 53. Kxd8 e3 0-1

[Event "Titled Tuesday intern op 01st Mar Early"]
[Site "Chess.com INT"]
[Date "2022.03.01"]
[Round "1"]
[White "Grafil, Franz Robert"]
[Black "Kornyukov, Alexey"]
[Result "1-0"]
[WhiteElo "2221"]
[BlackElo "2452"]
[PlyCount "101"]
[EventDate "2022.03.01"]
[EventType "swiss (blitz)"]
[EventRounds "11"]
[EventCountry "USA"]
[SourceTitle "CBM 207 Extra"]
[Source "ChessBase"]
[SourceDate "2022.05.31"]
[SourceVersion "1"]
[SourceVersionDate "2022.05.31"]
[SourceQuality "1"]

1. d4 d5 2. c4 e6 3. Nf3 Be7 4. g3 Nf6 5. Bg2 0-0 6. 0-0 c5 7. cxd5 Nxd5 8. e4 Nf6 9. Nc3 cxd4 10. Nxd4 Bc5 11. Be3 Bxd4 12. Qxd4 Qxd4 13. Bxd4 Nc6 14. Bxf6 gxf6 15. Rfd1 b6 16. e5 Bb7 17. Rd7 Rab8 18. exf6 Rfd8 19. Rxb7 Rxb7 20. Bxc6 Rc7 21. Bf3 Rd2 22. Rd1 Rxd1+ 23. Bxd1 Rd7 24. Bh5 Rd2 25. b3 Rc2 26. Nb5 Rxa2 27. Nd6 Rb2 28. Bxf7+ Kf8 29. Bxe6 Rd2 30. Ne4 Re2 31. Ng5 Rxe6 32. Nxe6+ Kf7 33. Nc7 Kxf6 34. f4 Ke7 35. f5 a5 36. g4 Kd6 37. f6 Kd7 38. g5 Kd6 39. h4 b5 40. Nxb5+ Ke6 41. h5 h6 42. g6 Kxf6 43. Nd4 Kg7 44. Nc6 Kf6 45. Nxa5 Kg7 46. b4 Kf8 47. b5 Ke7 48. b6 Kd7 49. g7 Kd6 50. g8Q Kc5 51. b7 1-0

[Event "Titled Tuesday intern op 01st Mar Early"]
[Site "Chess.com INT"]
[Date "2022.03.01"]
[Round "2"]
[White "Grafil, Franz Robert"]
[Black "Samadov, Read"]
[Result "1-0"]
[WhiteElo "2221"]
[BlackElo "2375"]
[PlyCount "105"]
[EventDate "2022.03.01"]
[EventType "swiss (blitz)"]
[EventRounds "11"]
[EventCountry "USA"]
[SourceTitle "CBM 207 Extra"]
[Source "ChessBase"]
[SourceDate "2022.05.31"]
[SourceVersion "1"]
[SourceVersionDate "2022.05.31"]
[SourceQuality "1"]

1. Nf3 Nf6 2. c4 e6 3. g3 d5 4. Bg2 d4 5. 0-0 c5 6. e3 Nc6 7. exd4 cxd4 8. d3 Bd6 9. Bg5 h6 10. Bxf6 Qxf6 11. Nbd2 Bc7 12. Ne4 Qe7 13. b4 Qxb4 14. Rb1 Qe7 15. Re1 0-0 16. Ned2 Rb8 17. Nb3 Rd8 18. Qd2 a5 19. Qb2 Qf6 20. Nc5 b6 21. Ne4 Qe7 22. h4 Ba6 23. Qc2 Nb4 24. Qd2 f5 25. Neg5 hxg5 26. Nxg5 Rd6 27. a3 Nc6 28. Nxe6 Rxe6 29. Rxe6 Qxe6 30. Bd5 Qxd5 31. cxd5 Ne5 32. Qf4 Bxd3 33. Rc1 Bd6 34. Rc6 Nxc6 35. Qxd6 Re8 36. dxc6 Re1+ 37. Kg2 Rc1 38. Qxd4 Be4+ 39. f3 Bxc6 40. Kf2 Rc5 41. Qd8+ Kh7 42. Qxb6 Rc2+ 43. Ke3 a4 44. Kf4 Rc3 45. Kxf5 Rxf3+ 46. Kg4 Rf6 47. Qd4 Be8 48. h5 Kh8 49. Qd8 Rf8 50. Kg5 Rg8 51. g4 Bxh5 52. Qd5 Be8 53. Qh1+ 1-0

[Event "Titled Tuesday intern op 01st Mar Early"]
[Site "Chess.com INT"]
[Date "2022.03.01"]
[Round "6"]
[White "Grafil, Franz Robert"]
[Black "Tsyhanchuk, Stanislav"]
[Result "0-1"]
[WhiteElo "2221"]
[BlackElo "2273"]
[PlyCount "76"]
[EventDate "2022.03.01"]
[EventType "swiss (blitz)"]
[EventRounds "11"]
[EventCountry "USA"]
[SourceTitle "CBM 207 Extra"]
[Source "ChessBase"]
[SourceDate "2022.05.31"]
[SourceVersion "1"]
[SourceVersionDate "2022.05.31"]
[SourceQuality "1"]

1. d4 d5 2. c4 c6 3. Nf3 Nf6 4. e3 e6 5. b3 Nbd7 6. Nbd2 b6 7. Bd3 Bb7 8. 0-0 Be7 9. Bb2 0-0 10. Ne5 Rc8 11. Qf3 c5 12. Qh3 cxd4 13. exd4 Ne4 14. Nxd7 Qxd7 15. Rad1 f5 16. Nf3 Bf6 17. Ne5 Bxe5 18. dxe5 Qe7 19. Qe3 f4 20. Qd4 f3 21. g3 Qg5 22. Rfe1 Qh6 23. Bc1 Qh3 24. Bf1 Qh5 25. Rxe4 dxe4 26. Qd7 Qf7 27. Bh3 Rc7 28. Qd6 Re7 29. Ba3 Rfe8 30. Kf1 e3 31. fxe3 Qh5 32. Qxe7 Qxh3+ 33. Ke1 Rxe7 34. Bxe7 f2+ 35. Kxf2 Qxh2+ 36. Ke1 Bf3 37. Rd8+ Kf7 38. Bd6 Qe2# 0-1

[Event "Titled Tuesday intern op 25th Jan"]
[Site "Chess.com INT"]
[Date "2022.01.25"]
[Round "2"]
[White "Izoria, Zviad"]
[Black "Grafil, Franz Robert"]
[Result "1-0"]
[WhiteElo "2602"]
[BlackElo "2221"]
[PlyCount "45"]
[EventDate "2022.01.25"]
[EventType "swiss (blitz)"]
[EventRounds "11"]
[EventCountry "USA"]
[SourceTitle "CBM 206 Extra"]
[Source "ChessBase"]
[SourceDate "2022.03.31"]
[SourceVersion "1"]
[SourceVersionDate "2022.03.31"]
[SourceQuality "1"]

1. c4 c5 2. Nf3 Nf6 3. Nc3 e6 4. e3 Be7 5. d4 cxd4 6. exd4 d5 7. cxd5 exd5 8. Bb5+ Bd7 9. Bxd7+ Nbxd7 10. Qb3 0-0 11. 0-0 Nb6 12. Re1 Re8 13. Bg5 Ne4 14. Nxe4 dxe4 15. Rxe4 Bxg5 16. Rxe8+ Qxe8 17. Nxg5 Rd8 18. Qd3 g6 19. g3 Qa4 20. Qf3 Rd7 21. Re1 Qxd4 22. Re8+ Kg7 23. Ne6+ 1-0

[Event "Titled Tuesday intern op 05th Oct"]
[Site "Chess.com INT"]
[Date "2021.10.05"]
[Round "3"]
[White "Grafil, Franz Robert"]
[Black "Tymrakiewicz, Rafal"]
[Result "1-0"]
[WhiteElo "2221"]
[BlackElo "2225"]
[PlyCount "63"]
[EventDate "2021.10.05"]
[EventType "swiss (blitz)"]
[EventRounds "11"]
[EventCountry "USA"]
[SourceTitle "CBM 204 Extra"]
[Source "ChessBase"]
[SourceDate "2021.11.30"]
[SourceVersion "1"]
[SourceVersionDate "2021.11.30"]
[SourceQuality "1"]

1. d4 Nf6 2. c4 g6 3. g3 Bg7 4. Bg2 0-0 5. Nc3 d6 6. Nf3 Nc6 7. 0-0 e5 8. dxe5 Nxe5 9. Nxe5 dxe5 10. Bg5 c6 11. Qxd8 Rxd8 12. Ne4 Nxe4 13. Bxd8 Nd2 14. Rfd1 Nxc4 15. b3 Nb6 16. Bxb6 axb6 17. Rd8+ Bf8 18. Rad1 Kg7 19. Re8 Bc5 20. a4 Bd4 21. e3 Bg4 22. Rxa8 Bxd1 23. exd4 exd4 24. b4 Bb3 25. Rd8 c5 26. bxc5 bxc5 27. a5 Kf6 28. Bxb7 Ke7 29. Rc8 c4 30. a6 d3 31. a7 d2 32. Bf3 1-0

[Event "Titled Tuesday intern op 31st Aug"]
[Site "Chess.com INT"]
[Date "2021.08.31"]
[Round "5"]
[White "Dudzinski, Pawel"]
[Black "Grafil, Franz Robert"]
[Result "1-0"]
[WhiteElo "2201"]
[BlackElo "2221"]
[PlyCount "105"]
[EventDate "2021.08.31"]
[EventType "swiss (blitz)"]
[EventRounds "11"]
[EventCountry "USA"]
[SourceTitle "EXT 2022"]
[Source "ChessBase"]
[SourceDate "2021.10.06"]
[SourceVersion "1"]
[SourceVersionDate "2021.10.06"]
[SourceQuality "1"]

1. e4 e6 2. d4 d5 3. Nd2 Nf6 4. Bd3 c5 5. exd5 exd5 6. dxc5 Bxc5 7. Nb3 Bb6 8. Ne2 0-0 9. 0-0 Nc6 10. Bg5 Bg4 11. h3 Bh5 12. Qd2 Qd6 13. Nf4 Bg6 14. Bxf6 Qxf6 15. Bxg6 hxg6 16. c3 Rad8 17. Nxd5 Qe5 18. Rad1 Bc7 19. g3 Bb6 20. Kh2 Qh5 21. f4 Rfe8 22. g4 Qh4 23. Qg2 Be3 24. Qg3 Qxg3+ 25. Kxg3 Bb6 26. Nxb6 axb6 27. Rxd8 Rxd8 28. Rf3 Rd1 29. Rf2 Kf8 30. Re2 Rb1 31. Kf3 Rh1 32. Kg2 Rd1 33. h4 Rb1 34. Kf3 Rh1 35. Kg3 Rg1+ 36. Rg2 Rb1 37. Re2 Rg1+ 38. Kf3 Rb1 39. h5 gxh5 40. gxh5 Rh1 41. Kg4 Rg1+ 42. Kf5 Rh1 43. Kg5 f6+ 44. Kg4 Rg1+ 45. Kf5 Ne7+ 46. Ke6 Rh1 47. Kd7 Rd1+ 48. Kc7 Rh1 49. Kxb7 Rxh5 50. Nd4 Nd5 51. Ne6+ Kf7 52. Nd8+ Kg6 53. Ne6 1-0

[Event "Titled Tuesday intern op 31st Aug"]
[Site "Chess.com INT"]
[Date "2021.08.31"]
[Round "1"]
[White "Grafil, Franz Robert"]
[Black "Mestnikov, Aisen"]
[Result "1-0"]
[WhiteElo "2221"]
[BlackElo "2083"]
[PlyCount "151"]
[EventDate "2021.08.31"]
[EventType "swiss (blitz)"]
[EventRounds "11"]
[EventCountry "USA"]
[SourceTitle "EXT 2022"]
[Source "ChessBase"]
[SourceDate "2021.10.06"]
[SourceVersion "1"]
[SourceVersionDate "2021.10.06"]
[SourceQuality "1"]

1. d4 d6 2. e4 Nf6 3. Nc3 g6 4. Bg5 Bg7 5. Qd2 h6 6. Bf4 g5 7. Be3 Ng4 8. 0-0-0 Nxe3 9. fxe3 c6 10. h4 g4 11. h5 Qa5 12. Nge2 b5 13. Nf4 Nd7 14. Kb1 Nb6 15. a3 Nc4 16. Bxc4 bxc4 17. Nce2 Qxd2 18. Rxd2 Rb8 19. g3 c5 20. c3 Bb7 21. d5 Bc8 22. Rf1 Bd7 23. Kc1 0-0 24. Ng2 Rb3 25. Nh4 Bf6 26. Nf5 Bg5 27. Nf4 Bxf5 28. exf5 Rfb8 29. Rff2 a5 30. Kd1 Bxf4 31. gxf4 Kg7 32. Rg2 Kf6 33. e4 Rg8 34. Rg3 Rb7 35. Kc1 Rbb8 36. Rdg2 Rg7 37. Rxg4 Rxg4 38. Rxg4 Rc8 39. Rg2 Rb8 40. Kd1 Rc8 41. Ke1 Rb8 42. Kf1 Rc8 43. Kf2 Rb8 44. Kf3 Rc8 45. Re2 Rb8 46. Kg4 Rg8+ 47. Kf3 Rb8 48. Rg2 Rc8 49. Ke3 Rb8 50. Rf2 Rc8 51. Kd2 Rb8 52. Kc2 Rc8 53. Rg2 Rb8 54. Rg4 Rc8 55. b3 Rb8 56. bxc4 Rc8 57. Rg1 Rb8 58. Rb1 Rg8 59. Rb6 Rg4 60. e5+ Kxf5 61. exd6 exd6 62. Rxd6 Rxf4 63. Rxh6 Rh4 64. Kb3 Kg5 65. Rh8 f5 66. d6 Rh1 67. d7 Rd1 68. d8Q+ Rxd8 69. Rxd8 f4 70. Rd5+ Kg4 71. h6 f3 72. h7 f2 73. Rd1 f1Q 74. Rxf1 Kg5 75. h8Q a4+ 76. Kxa4 1-0

[Event "Titled Tuesday intern op 24th Aug"]
[Site "Chess.com INT"]
[Date "2021.08.24"]
[Round "11"]
[White "Grafil, Franz Robert"]
[Black "Molina, Roberto Junio Brito"]
[Result "1-0"]
[WhiteElo "2221"]
[BlackElo "2434"]
[PlyCount "103"]
[EventDate "2021.08.24"]
[EventType "swiss (blitz)"]
[EventRounds "11"]
[EventCountry "USA"]
[SourceTitle "EXT 2022"]
[Source "ChessBase"]
[SourceDate "2021.10.06"]
[SourceVersion "1"]
[SourceVersionDate "2021.10.06"]
[SourceQuality "1"]

1. d4 d5 2. c4 c6 3. Nf3 Nf6 4. e3 Bf5 5. Nc3 e6 6. Be2 h6 7. 0-0 Nbd7 8. Bd3 Bxd3 9. Qxd3 Be7 10. b3 0-0 11. Bb2 Rc8 12. Rfd1 Re8 13. Rac1 a6 14. h3 Qa5 15. a3 b5 16. c5 Qc7 17. Ne2 Ne4 18. Nf4 a5 19. Nd2 Nxd2 20. Qxd2 Bg5 21. Nd3 Bf6 22. f4 g6 23. g4 Bg7 24. Ne5 Nf6 25. Qg2 Ne4 26. Rf1 Kh7 27. Rf3 f6 28. Nd3 Rf8 29. h4 h5 30. Kh1 hxg4 31. Qxg4 Qf7 32. Rg1 Bh6 33. Nf2 Nd2 34. Rfg3 Rg8 35. Qe2 Nxb3 36. h5 Kh8 37. hxg6 Qe7 38. Qh5 Kg7 39. Ng4 Rh8 40. Rh3 Bxf4 41. Qh7+ Rxh7 42. Rxh7+ Kf8 43. Rh8+ Kg7 44. Rh7+ Kxg6 45. Rxe7 Bg5 46. Rxe6 Nd2 47. Nxf6 Kf5 48. Re5+ Kxf6 49. Rexg5 Ne4 50. Rg6+ Kf5 51. Rg8 Rc7 52. R1g7 1-0

[Event "Titled Tuesday intern op 24th Aug"]
[Site "Chess.com INT"]
[Date "2021.08.24"]
[Round "3"]
[White "Horak, Martin"]
[Black "Grafil, Franz Robert"]
[Result "0-1"]
[WhiteElo "2330"]
[BlackElo "2221"]
[PlyCount "24"]
[EventDate "2021.08.24"]
[EventType "swiss (blitz)"]
[EventRounds "11"]
[EventCountry "USA"]
[SourceTitle "EXT 2022"]
[Source "ChessBase"]
[SourceDate "2021.10.06"]
[SourceVersion "1"]
[SourceVersionDate "2021.10.06"]
[SourceQuality "1"]

1. e4 e6 2. d4 d5 3. Nd2 Nf6 4. e5 Nfd7 5. Bd3 c5 6. c3 Nc6 7. Ne2 cxd4 8. cxd4 f6 9. exf6 Qxf6 10. Nf3 h6 11. Bf4 Bb4+ 12. Nc3 Qxf4 0-1

[Event "Titled Tuesday intern op 24th Aug"]
[Site "Chess.com INT"]
[Date "2021.08.24"]
[Round "5"]
[White "Srihari, LR."]
[Black "Grafil, Franz Robert"]
[Result "1-0"]
[WhiteElo "2414"]
[BlackElo "2221"]
[PlyCount "77"]
[EventDate "2021.08.24"]
[EventType "swiss (blitz)"]
[EventRounds "11"]
[EventCountry "USA"]
[SourceTitle "EXT 2022"]
[Source "ChessBase"]
[SourceDate "2021.10.06"]
[SourceVersion "1"]
[SourceVersionDate "2021.10.06"]
[SourceQuality "1"]

1. Nf3 Nf6 2. g3 b6 3. Bg2 Bb7 4. 0-0 c5 5. d3 g6 6. e4 d6 7. c3 Bg7 8. Re1 0-0 9. Nbd2 Nc6 10. a3 e5 11. a4 Re8 12. Nc4 h6 13. Ne3 d5 14. exd5 Nxd5 15. Nxd5 Qxd5 16. Nxe5 Qxg2+ 17. Kxg2 Nxe5+ 18. Kf1 Nf3 19. Rxe8+ Rxe8 20. Be3 Nxh2+ 21. Ke1 Nf3+ 22. Ke2 f5 23. a5 g5 24. axb6 axb6 25. Qb3+ Kh7 26. Qf7 Bc6 27. Ra7 Rg8 28. Qxf5+ Kh8 29. Qg6 Ne5 30. Qe6 Bf3+ 31. Kd2 Bg4 32. Qxb6 c4 33. d4 Nf3+ 34. Kc1 Ne1 35. d5 Nd3+ 36. Kd2 Re8 37. Qg6 Rg8 38. Rxg7 Rxg7 39. Bd4 1-0

[Event "Titled Tuesday intern op 24th Aug"]
[Site "Chess.com INT"]
[Date "2021.08.24"]
[Round "10"]
[White "Temirkanov, David"]
[Black "Grafil, Franz Robert"]
[Result "0-1"]
[WhiteElo "2282"]
[BlackElo "2221"]
[PlyCount "116"]
[EventDate "2021.08.24"]
[EventType "swiss (blitz)"]
[EventRounds "11"]
[EventCountry "USA"]
[SourceTitle "EXT 2022"]
[Source "ChessBase"]
[SourceDate "2021.10.06"]
[SourceVersion "1"]
[SourceVersionDate "2021.10.06"]
[SourceQuality "1"]

1. e4 e6 2. d4 d5 3. exd5 exd5 4. c4 Nf6 5. Nc3 Bb4 6. Nf3 0-0 7. Bd3 dxc4 8. Bxc4 Nbd7 9. 0-0 Nb6 10. Bb3 Bg4 11. Bg5 c6 12. h3 Bh5 13. Ne4 Be7 14. Ng3 Bg6 15. Ne5 Nfd5 16. Be3 Bf6 17. Re1 Re8 18. Ng4 Bh4 19. Qf3 Nxe3 20. fxe3 Qc7 21. Ne5 Rxe5 22. dxe5 Qxe5 23. Kh2 Qxb2 24. Rf1 Bf6 25. Ne4 Bxe4 26. Qxe4 Qe5+ 27. Qxe5 Bxe5+ 28. Kh1 Bxa1 29. Rxa1 Re8 30. Rf1 Re7 31. e4 Kf8 32. a4 f6 33. Rc1 a5 34. Rb1 Rxe4 35. Bc2 Rb4 36. Re1 Nxa4 37. Bxh7 Kf7 38. Bf5 Nc5 39. g4 a4 40. h4 a3 41. h5 Ne4 42. Bxe4 Ke7 43. Bxc6+ Kd6 44. Bf3 a2 45. Rd1+ Kc5 46. Rc1+ Rc4 47. Ra1 Rc2 48. Be4 Rb2 49. Bf5 b5 50. h6 gxh6 51. Kg1 b4 52. Kf1 b3 53. Ke1 Rh2 54. Bd3 Kd4 55. Bf1 Kc3 56. Rc1+ Kb2 57. Rd1 a1Q 58. Rb1+ Qxb1# 0-1

[Event "Titled Tuesday intern op 17th Aug"]
[Site "Chess.com INT"]
[Date "2021.08.17"]
[Round "3"]
[White "Mirzoev, Azer"]
[Black "Grafil, Franz Robert"]
[Result "1/2-1/2"]
[WhiteElo "2436"]
[BlackElo "2221"]
[PlyCount "234"]
[EventDate "2021.08.17"]
[EventType "swiss (blitz)"]
[EventRounds "11"]
[EventCountry "USA"]
[SourceTitle "EXT 2022"]
[Source "ChessBase"]
[SourceDate "2021.10.06"]
[SourceVersion "1"]
[SourceVersionDate "2021.10.06"]
[SourceQuality "1"]

1. d4 Nf6 2. Nf3 c5 3. d5 b5 4. Bg5 Qb6 5. c3 h6 6. Bxf6 Qxf6 7. e4 a6 8. Nbd2 d6 9. a4 b4 10. cxb4 cxb4 11. Qb3 Nd7 12. a5 g5 13. Qxb4 Bg7 14. Nc4 0-0 15. Be2 Rb8 16. Qa3 Nc5 17. Nfd2 Qd4 18. 0-0 Nxe4 19. Nxe4 Qxe4 20. Rfe1 Qxd5 21. Nb6 Qd4 22. Bf1 Qxb2 23. Qxb2 Bxb2 24. Ra2 Bf6 25. Nxc8 Rfxc8 26. Bxa6 Rc5 27. Bf1 Bc3 28. Rxe7 Bxa5 29. g3 Kf8 30. Rd7 Rd8 31. Rb7 Bc3 32. Raa7 Rf5 33. Bd3 Rf6 34. Kg2 Bd4 35. Ra2 Bc5 36. g4 Re8 37. Bf5 Re7 38. Rb8+ Kg7 39. Raa8 Rxf5 40. gxf5 Kf6 41. Rh8 Re2 42. Rxh6+ Kxf5 43. h4 Rxf2+ 44. Kg3 gxh4+ 45. Rxh4 Rf1 46. Rh5+ Ke6 47. Re8+ Kd7 48. Re2 Rf6 49. Kg4 Kc6 50. Rf5 Rxf5 51. Kxf5 d5 52. Rh2 d4 53. Ke4 Kb5 54. Kd3 f6 55. Rf2 Kc6 56. Rxf6+ Kd5 57. Rf5+ Kd6 58. Rh5 Bb6 59. Kc4 Kc7 60. Rh7+ Kc6 61. Rh6+ Kc7 62. Kb5 Ba7 63. Rc6+ Kb7 64. Rd6 Kc7 65. Rd5 Kb7 66. Rd7+ Ka8 67. Ka6 Bb8 68. Rd8 d3 69. Kb6 d2 70. Rxd2 Ba7+ 71. Ka6 Bb8 72. Rd3 Bc7 73. Rc3 Bb8 74. Rc2 Ba7 75. Rc7 Bb8 76. Rh7 Bg3 77. Ra7+ Kb8 78. Rg7 Be5 79. Re7 Bg3 80. Re6 Bh2 81. Rh6 Bg3 82. Rg6 Bf4 83. Rg8+ Kc7 84. Ra8 Kd6 85. Kb5 Ke5 86. Re8+ Kd4 87. Kc6 Be5 88. Re6 Ke4 89. Kd7 Kd5 90. Re7 Bd6 91. Rh7 Be5 92. Rh5 Ke4 93. Ke6 Bf4 94. Rh4 Kf3 95. Kf5 Bg3 96. Rh3 Kg2 97. Kg4 Bh2 98. Ra3 Kh1 99. Ra2 Bg1 100. Kg3 Bb6 101. Kh3 Bc5 102. Rc2 Bb6 103. Rc6 Ba7 104. Rc7 Bb6 105. Rb7 Bc5 106. Rb1+ Bg1 107. Rb3 Bc5 108. Rc3 Bb6 109. Rc6 Ba7 110. Rc7 Bb6 111. Rb7 Bc5 112. Rb5 Ba7 113. Ra5 Bb6 114. Ra6 Bc5 115. Ra5 Bb6 116. Ra6 Bc5 117. Ra5 Bb6 1/2-1/2

[Event "Titled Tuesday intern op 10th Aug"]
[Site "Chess.com INT"]
[Date "2021.08.10"]
[Round "5"]
[White "Grafil, Franz Robert"]
[Black "Petukhov, Dmitry"]
[Result "1-0"]
[WhiteElo "2221"]
[BlackElo "2350"]
[PlyCount "63"]
[EventDate "2021.08.10"]
[EventType "swiss (blitz)"]
[EventRounds "11"]
[EventCountry "USA"]
[SourceTitle "CBM 203 Extra"]
[Source "ChessBase"]
[SourceDate "2021.09.30"]
[SourceVersion "1"]
[SourceVersionDate "2021.09.30"]
[SourceQuality "1"]

1. d4 Nf6 2. c4 g6 3. g3 Bg7 4. Bg2 0-0 5. Nc3 c6 6. Nf3 d5 7. Qa4 dxc4 8. Qxc4 b5 9. Qd3 a6 10. 0-0 Bb7 11. Ne5 Nfd7 12. f4 Nxe5 13. fxe5 e6 14. b3 Nd7 15. Ba3 Re8 16. Bd6 Qb6 17. Kh1 c5 18. e3 Bxg2+ 19. Kxg2 Rac8 20. Ne4 c4 21. bxc4 bxc4 22. Qc2 Qc6 23. Kh3 f5 24. exf6 Nxf6 25. Rxf6 Qd5 26. Be5 c3 27. Raf1 Re7 28. Qb3 Qxe4 29. Rxe6 Qb7 30. Rxe7+ Qxb3 31. Rxg7+ Kh8 32. axb3 1-0

[Event "Pattaya op"]
[Site "Pattaya"]
[Date "2018.10.30"]
[Round "8"]
[White "Grafil, Franz Robert"]
[Black "Navaratnam, Rohan Shan Tze"]
[Result "1-0"]
[WhiteElo "2219"]
[BlackElo "2097"]
[PlyCount "81"]
[EventDate "2018.10.24"]
[EventType "swiss"]
[EventRounds "9"]
[EventCountry "THA"]
[SourceTitle "CBM 187 Extra"]
[Source "ChessBase"]
[SourceDate "2018.11.04"]
[SourceVersion "1"]
[SourceVersionDate "2018.11.04"]
[SourceQuality "1"]

1. Nf3 Nf6 2. c4 e6 3. g3 d5 4. b3 c5 5. Bg2 Nc6 6. 0-0 Be7 7. Bb2 0-0 8. e3 b6 9. Qe2 Qc7 10. Rd1 Rd8 11. Nc3 Bb7 12. Rac1 e5 13. d4 exd4 14. exd4 Ba6 15. Nb5 Qb7 16. Ne5 Bxb5 17. cxb5 Nxd4 18. Bxd4 cxd4 19. Nc6 Re8 20. Qd3 h6 21. b4 Bf8 22. a4 a6 23. Bf1 axb5 24. Qxb5 Qd7 25. Rxd4 Rec8 26. Rdd1 Rc7 27. Qxb6 Rb7 28. Qe3 Bxb4 29. Bb5 Qh3 30. Nxb4 Ng4 31. Qf3 Qxh2+ 32. Kf1 Qh5 33. Qxd5 g5 34. Qxb7 Ra5 35. Rd8+ Kg7 36. Rcc8 Rxb5 37. Rg8+ Kf6 38. Rc6+ Kf5 39. Qd7+ Ke4 40. Qd3+ Ke5 41. Re8# 1-0

[Event "Pattaya op"]
[Site "Pattaya"]
[Date "2018.10.28"]
[Round "6"]
[White "Grafil, Franz Robert"]
[Black "Laylo, Darwin"]
[Result "0-1"]
[WhiteElo "2219"]
[BlackElo "2427"]
[PlyCount "116"]
[EventDate "2018.10.24"]
[EventType "swiss"]
[EventRounds "9"]
[EventCountry "THA"]
[SourceTitle "CBM 187 Extra"]
[Source "ChessBase"]
[SourceDate "2018.11.04"]
[SourceVersion "1"]
[SourceVersionDate "2018.11.04"]
[SourceQuality "1"]

1. Nf3 Nf6 2. c4 g6 3. b4 a5 4. b5 c6 5. e3 Bg7 6. Bb2 0-0 7. Be2 a4 8. Na3 d5 9. 0-0 Bg4 10. Rb1 Nbd7 11. bxc6 bxc6 12. Nd4 Bxe2 13. Qxe2 Rc8 14. cxd5 cxd5 15. Rfc1 Nc5 16. Nab5 Qd7 17. Ba3 Ne6 18. Nxe6 Qxe6 19. Nd4 Qd7 20. Qb5 Rxc1+ 21. Rxc1 Qxb5 22. Nxb5 Re8 23. f3 e5 24. Nd6 Rb8 25. Rc8+ Rxc8 26. Nxc8 Bf8 27. Bxf8 Kxf8 28. Kf2 Nd7 29. Ke2 e4 30. d4 f5 31. f4 Ke8 32. h3 Kd8 33. Nd6 Nb6 34. g4 Ke7 35. Nb5 fxg4 36. hxg4 h6 37. a3 h5 38. gxh5 gxh5 39. Nc3 Ke6 40. Kf2 h4 41. Kg2 Nc4 42. Kf2 h3 43. Kg3 Nxe3 44. Kxh3 Nc2 45. Nxa4 Nxd4 46. Nc3 e3 47. Kg2 Nc2 48. Kf3 d4 49. Nd1 Ne1+ 50. Ke2 Ng2 51. Kf3 Kf5 52. a4 Nh4+ 53. Ke2 Ke4 54. Nb2 Nf5 55. a5 d3+ 56. Nxd3 Nd4+ 57. Ke1 Kxd3 58. a6 e2 0-1

[Event "Ho Chi Minh City HD Bank op 5th"]
[Site "Ho Chi Minh City"]
[Date "2015.03.21"]
[Round "8"]
[White "Tran, Minh Thang"]
[Black "Grafil, Franz Robert"]
[Result "0-1"]
[WhiteElo "2196"]
[BlackElo "2123"]
[PlyCount "62"]
[EventDate "2015.03.17"]
[EventType "swiss"]
[EventRounds "9"]
[EventCountry "VIE"]
[SourceTitle "CBM 165 Extra"]
[Source "ChessBase"]
[SourceDate "2015.04.21"]
[SourceVersion "1"]
[SourceVersionDate "2015.04.21"]
[SourceQuality "1"]

1. d4 c5 2. d5 Nf6 3. Nc3 e6 4. dxe6 fxe6 5. e4 Nc6 6. Bg5 Be7 7. f4 d5 8. e5 Nd7 9. h4 0-0 10. Qg4 Nd4 11. 0-0-0 Rf7 12. Bd3 Nf8 13. Nf3 Qa5 14. Nxd4 cxd4 15. Nb1 Qxa2 16. Rh3 Qa5 17. Nd2 Qa1+ 18. Nb1 Qa5 19. Nd2 Qa1+ 20. Nb1 Bb4 21. h5 a5 22. Rg3 b6 23. Bb5 a4 24. Bf6 Raa7 25. Ra3 Bxa3 26. bxa3 Ba6 27. Bd3 Bc4 28. Kd2 Qa2 29. h6 g6 30. Bg7 Rxg7 31. hxg7 Rxg7 0-1